[Event "13. Lichtenberger Sommer"]
[Site "?"]
[Date "2014.08.19"]
[Round "4.94"]
[White "Kujawa, Werner"]
[Black "Bauer, Stefan"]
[Result "1/2-1/2"]
[WhiteElo "1814"]
[BlackElo "1614"]
[PlyCount "134"]
[EventDate "2014.??.??"]
[WhiteTeam "SV Motor Wildau e.V."]
[BlackTeam "SC Kreuzberg e.V."]

1. e4 c5 2. Nc3 Nc6 3. g3 Nf6 4. Bg2 d6 5. d3 h6 6. Nge2 Bg4 7. f3 Bd7 8. Be3
e6 9. O-O a6 10. Qd2 b5 11. Kh1 Rb8 12. f4 h5 13. h3 Qc8 14. f5 b4 15. Nd1 e5
16. c3 a5 17. d4 c4 18. Bg1 Be7 19. Ne3 Qa6 20. Rad1 a4 21. dxe5 Nxe5 22. Nf4
Bc6 23. Ned5 Bxd5 24. Nxd5 Nxd5 25. Qxd5 bxc3 26. bxc3 Rb5 27. Qd4 O-O 28. Rb1
Rfb8 29. Rxb5 Qxb5 30. Qd1 g6 31. Bd4 a3 32. Kh2 Nd3 33. fxg6 fxg6 34. Qf3 Rf8
35. Qe3 Qg5 36. Rxf8+ Kxf8 37. Qf3+ Kg8 38. e5 Nxe5 39. Qa8+ Kh7 40. Qe4 Qf5
41. Qd5 h4 42. gxh4 Qf4+ 43. Kg1 Qxh4 44. Qb7 Qg5 45. Bf2 Qf6 46. Bb6 Kh6 47.
Qa8 Qf8 48. Qxa3 Bg5 49. Qa8 Qxa8 50. Bxa8 Bd2 51. Bd4 Kg5 52. Bb7 Kf4 53. Kg2
g5 54. a4 Be3 55. Bxe3+ Kxe3 56. a5 Nd7 57. a6 Nb6 58. a7 Kd3 59. a8=Q Nxa8 60.
Bxa8 Kxc3 61. Bd5 Kd4 62. Bg8 c3 63. Bh7 Ke5 64. Kf3 d5 65. Ke3 d4+ 66. Kd3 Kf4
67. Kxd4 g4 1/2-1/2

[Event "13. Lichtenberger Sommer"]
[Site "?"]
[Date "2014.08.19"]
[Round "4.95"]
[White "Bailliere, Arne"]
[Black "Kostanyan, Hakob"]
[Result "1-0"]
[WhiteElo "1673"]
[BlackElo "1517"]
[PlyCount "43"]
[EventDate "2014.??.??"]
[WhiteTeam "Sfrd. Berlin 1903 e.V."]
[BlackTeam "SC Weisse Dame e.V."]

1. d4 Nf6 2. e3 g6 3. Bd3 Bg7 4. b3 b6 5. Bb2 Bb7 6. Nf3 d6 7. Nbd2 Nbd7 8. O-O
O-O 9. e4 c5 10. e5 Nd5 11. Re1 dxe5 12. dxe5 e6 13. Ne4 Bc6 14. c4 Nb4 15. Bb1
Qc7 16. a3 Nxe5 17. Nxe5 Bxe5 18. Nf6+ Bxf6 19. Bxf6 Na6 20. Qc1 Nb8 21. Qh6
Nd7 22. Qg7# 1-0

[Event "13. Lichtenberger Sommer"]
[Site "?"]
[Date "2014.08.19"]
[Round "4.96"]
[White "Gazaev, Ansor"]
[Black "Hintze, Emanuel"]
[Result "0-1"]
[WhiteElo "700"]
[BlackElo "1922"]
[PlyCount "50"]
[EventDate "2014.??.??"]
[WhiteTeam "SC Friesen Lichtenberg e.V."]
[BlackTeam "SK Zehlendorf e.V."]

1. e4 c5 2. Nc3 Nc6 3. Nf3 g6 4. d3 Bg7 5. Be3 d6 6. d4 cxd4 7. Nxd4 Nf6 8. h3
O-O 9. Bc4 Bd7 10. b3 a6 11. a4 Qa5 12. Qd2 Qc7 13. Nd5 Nxd5 14. exd5 Nxd4 15.
Bxd4 e5 16. Bc3 f5 17. O-O b5 18. Be2 Rfc8 19. Ba5 Qxc2 20. Qxc2 Rxc2 21. Rfe1
Rac8 22. axb5 Bxb5 23. Bxb5 axb5 24. Bb4 e4 25. Bxd6 Bxa1 0-1

[Event "13. Lichtenberger Sommer"]
[Site "?"]
[Date "2014.08.19"]
[Round "4.97"]
[White "Kohlmeyer, Dagobert"]
[Black "Home, Marcus"]
[Result "1-0"]
[WhiteElo "1888"]
[BlackElo "1307"]
[PlyCount "123"]
[EventDate "2014.??.??"]
[WhiteTeam "SC Rochade e.V."]
[BlackTeam "1. Schachclub Anhalt"]

1. e4 e5 2. Nf3 Nc6 3. Bb5 a6 4. Ba4 Nf6 5. O-O b5 6. Bb3 Bb7 7. c3 Bc5 8. d4
exd4 9. cxd4 Bb6 10. e5 Ng8 11. Bg5 Nce7 12. d5 d6 13. exd6 Qxd6 14. Re1 Nf6
15. Nc3 O-O 16. Bxf6 Qxf6 17. Qc2 Ng6 18. Rad1 Rad8 19. Qc1 Nh4 20. Re4 Nxf3+
21. gxf3 Qxf3 22. Qf4 Bxf2+ 23. Kf1 Qxf4 24. Rxf4 Bb6 25. Re1 Bc5 26. Rfe4 Bd6
27. h4 c6 28. dxc6 Bxc6 29. Bd5 Bxd5 30. Nxd5 Bg3 31. Ne7+ Kh8 32. R1e2 g6 33.
Nc6 Rd6 34. Nd4 f5 35. Re8 Rxe8 36. Rxe8+ Kg7 37. Nf3 Kh6 38. Kg2 Bf4 39. Re7
Rc6 40. Nd4 Rc4 41. Rd7 Be5 42. Ne6 Rc6 43. Ng5 Rc2+ 44. Kf3 Bg7 45. Ra7 Rc6
46. Nf7+ Kh5 47. Nd8 Rc8 48. Rxg7 Kh6 49. Rd7 g5 50. Nf7+ Kg6 51. Nxg5 h6 52.
Rd6+ Kg7 53. Ne6+ Kf7 54. Nd4 Rc5 55. Rxh6 a5 56. Ra6 b4 57. h5 Rd5 58. Nc6 Rd2
59. Ne5+ Kg7 60. h6+ Kh7 61. Nf7 Rxb2 62. Ng5+ 1-0

[Event "13. Lichtenberger Sommer"]
[Site "?"]
[Date "2014.08.19"]
[Round "4.98"]
[White "Boeck, Rüdiger"]
[Black "Karge, Ole Jannes"]
[Result "1-0"]
[WhiteElo "1815"]
[BlackElo "1494"]
[PlyCount "53"]
[EventDate "2014.??.??"]
[WhiteTeam "SC Weiße Dame Ulm e.V."]
[BlackTeam "SV Mattnetz Berlin e.V."]

1. e4 c5 2. Nf3 d6 3. d4 cxd4 4. Nxd4 Nf6 5. Nc3 Nc6 6. Nb3 Qb6 7. Be3 Qc7 8.
Be2 Bd7 9. O-O e6 10. Nb5 Qb8 11. Nc3 Be7 12. f4 O-O 13. a3 Rd8 14. Rf3 Qc7 15.
Rg3 Bc8 16. Kh1 d5 17. exd5 Nxd5 18. Nxd5 Rxd5 19. Qf1 e5 20. f5 f6 21. Bc4 Qd7
22. Rd1 Qxf5 23. Bxd5+ Kh8 24. Qe2 e4 25. Bxc6 bxc6 26. Bc5 Bxc5 27. Rd8+ 1-0

[Event "13. Lichtenberger Sommer"]
[Site "?"]
[Date "2014.08.19"]
[Round "4.99"]
[White "Wolff, Marie Antoinette"]
[Black "Leyrer, Edgar"]
[Result "1-0"]
[WhiteElo "1707"]
[BlackElo "1610"]
[PlyCount "89"]
[EventDate "2014.??.??"]
[WhiteTeam "Leegebrucher Schachfreunde"]
[BlackTeam "SV Königsjäger Süd-West e.V."]

1. c4 e5 2. Nc3 Bb4 3. Nf3 Bxc3 4. bxc3 d6 5. d3 Nc6 6. g3 h6 7. Bg2 Nge7 8.
O-O O-O 9. Be3 b6 10. Qc1 Bb7 11. Bd2 f5 12. Bxh6 Rf6 13. Bg5 Rf7 14. e4 fxe4
15. dxe4 Qf8 16. Nh4 Bc8 17. Qd2 Nd8 18. f4 Ne6 19. fxe5 Nxg5 20. Qxg5 dxe5 21.
Qxe5 Nc6 22. Qd5 Qc5+ 23. Qxc5 bxc5 24. Rxf7 Kxf7 25. Rf1+ Kg8 26. e5 Bb7 27.
Bd5+ Kh7 28. Rf5 Kh6 29. g4 g6 30. Rf6 Kg5 31. Nxg6 Kxg4 32. Bf3+ Kg5 33. h4+
Kh6 34. Ne7+ Kg7 35. Bxc6 Bxc6 36. Rxc6 Kf7 37. Rxc7 a6 38. Nd5+ Ke6 39. Re7+
Kf5 40. Kf2 Kg4 41. Nf6+ Kxh4 42. Rg7 Rb8 43. Kf3 Rb1 44. Ne4 Re1 45. Rh7# 1-0

[Event "13. Lichtenberger Sommer"]
[Site "?"]
[Date "2014.08.19"]
[Round "4.100"]
[White "Möller, Dirk"]
[Black "Scholta, Danilo"]
[Result "0-1"]
[WhiteElo "1624"]
[BlackElo "1761"]
[PlyCount "62"]
[EventDate "2014.??.??"]
[WhiteTeam "SC Kreuzberg e.V."]
[BlackTeam "SV Empor Berlin e.V."]

1. e4 e6 2. d4 d5 3. Nc3 Bb4 4. e5 c5 5. a3 cxd4 6. Qxd4 Nc6 7. Bb5 Bd7 8. Bxc6
Bxc3+ 9. Qxc3 Bxc6 10. Qg3 Ne7 11. Qxg7 Rg8 12. Qxh7 Rxg2 13. Qh8+ Rg8 14. Qh5
d4 15. f3 Nf5 16. Nh3 Qa5+ 17. Kf2 Qc5 18. Ng5 Qxc2+ 19. Ke1 O-O-O 20. Bd2 Ne3
21. Rg1 Qd3 22. Rc1 Nc2+ 23. Kd1 Ne3+ 24. Ke1 Kb8 25. Qh3 Nc2+ 26. Kd1 Rxg5 27.
Rxg5 Bxf3+ 28. Qxf3 Qxf3+ 29. Kxc2 Qe2 30. Rg7 Rc8+ 31. Kb1 Qxd2 0-1

[Event "13. Lichtenberger Sommer"]
[Site "?"]
[Date "2014.08.19"]
[Round "4.101"]
[White "Dietzel, Uwe"]
[Black "Schmidt, Tim Lucas"]
[Result "1/2-1/2"]
[WhiteElo "1705"]
[BlackElo "1239"]
[PlyCount "39"]
[EventDate "2014.??.??"]
[WhiteTeam "TSV Lichtentanne SAbt"]
[BlackTeam "1. Schachclub Anhalt"]

1. c4 e5 2. g3 Nf6 3. Bg2 Nc6 4. Nc3 Bc5 5. e3 O-O 6. Nge2 d6 7. a3 Be6 8. d3
d5 9. cxd5 Nxd5 10. O-O Qd7 11. Qc2 Bb6 12. Rd1 Rae8 13. Rb1 f5 14. b4 a6 15.
Na4 Ba7 16. Nc5 Bxc5 17. Qxc5 b6 18. Qc2 Nce7 19. d4 e4 20. Bd2 1/2-1/2

[Event "13. Lichtenberger Sommer"]
[Site "?"]
[Date "2014.08.19"]
[Round "4.102"]
[White "Abraham, Helmut"]
[Black "Kuhr, Stefan"]
[Result "1/2-1/2"]
[WhiteElo "1553"]
[BlackElo "1611"]
[PlyCount "64"]
[EventDate "2014.??.??"]
[WhiteTeam "SC Kreuzberg e.V."]
[BlackTeam "SC Zugzwang 95 e.V."]

1. Nf3 Nf6 2. c4 c5 3. g3 g6 4. Nc3 Bg7 5. b3 Nc6 6. Bb2 d6 7. Bg2 O-O 8. Rc1
Bf5 9. Nd5 e5 10. Ne3 Be6 11. Ng5 Rc8 12. Nxe6 fxe6 13. O-O b6 14. Bh3 Qe8 15.
Qc2 Nd4 16. Bxd4 exd4 17. Ng2 Nh5 18. e4 Rd8 19. f4 Nf6 20. d3 d5 21. exd5 exd5
22. Rce1 Qc6 23. Re6 Qa8 24. Rfe1 Kh8 25. Re7 Rde8 26. Nh4 Rxe7 27. Rxe7 Re8
28. Qe2 dxc4 29. bxc4 Qd8 30. Re6 Rxe6 31. Qxe6 Qe8 32. Nf3 Qxe6 1/2-1/2

[Event "13. Lichtenberger Sommer"]
[Site "?"]
[Date "2014.08.19"]
[Round "4.103"]
[White "Theilig, Reinhard"]
[Black "Stiemerling, Karl-Heinz"]
[Result "1-0"]
[WhiteElo "1675"]
[BlackElo "1579"]
[PlyCount "79"]
[EventDate "2014.??.??"]
[WhiteTeam "VfB Hermsdorf e.V."]
[BlackTeam "SG Eckturm"]

1. Nf3 c5 2. c4 Nf6 3. g3 Nc6 4. Bg2 d6 5. O-O g6 6. b3 Bg7 7. Bb2 O-O 8. Nc3
Bd7 9. Rc1 a6 10. d3 e6 11. e3 d5 12. Qe2 e5 13. Nxd5 Nxd5 14. cxd5 Nb4 15. a3
Nxd5 16. Nxe5 Bb5 17. a4 Bxe5 18. Bxe5 Bc6 19. Rxc5 Re8 20. Ba1 Nb4 21. d4 Bxg2
22. Kxg2 b6 23. Rc4 a5 24. Kg1 Qd5 25. Rfc1 Rac8 26. Rxc8 Kf8 27. Rxe8+ Kxe8
28. Qb5+ Qxb5 29. axb5 Kd7 30. Bc3 Nd5 31. e4 Nc7 32. Bd2 Nxb5 33. Be3 f6 34.
d5 Nd6 35. f3 b5 36. Bf4 a4 37. Bxd6 Kxd6 38. bxa4 bxa4 39. Kf2 f5 40. Ra1 1-0

[Event "13. Lichtenberger Sommer"]
[Site "?"]
[Date "2014.08.19"]
[Round "4.104"]
[White "Casny, Guenter"]
[Black "Fontaine, Constantin"]
[Result "1-0"]
[WhiteElo "1854"]
[BlackElo "1580"]
[PlyCount "81"]
[EventDate "2014.??.??"]
[WhiteTeam "SC Rochade e.V."]
[BlackTeam "SK Tempelhof 1931 e.V."]

1. e4 g6 2. Nc3 c5 3. Nf3 Bg7 4. g3 Nc6 5. Bg2 d6 6. O-O Nf6 7. Re1 O-O 8. d3
Rb8 9. a4 a6 10. Be3 b5 11. Qc1 b4 12. Nd5 Ng4 13. Bd2 b3 14. h3 Nge5 15. Rb1
bxc2 16. Qxc2 Nxf3+ 17. Bxf3 Nd4 18. Qd1 Nxf3+ 19. Qxf3 Rxb2 20. Rxb2 Bxb2 21.
Rb1 Bg7 22. Rb8 Qd7 23. g4 Qa7 24. Rb1 e6 25. Nb6 f5 26. gxf5 exf5 27. Nxc8 Qc7
28. Nb6 fxe4 29. Qxe4 Bd4 30. Be3 Qd8 31. Qd5+ Rf7 32. Bxd4 cxd4 33. Qxd4 Qg5+
34. Qg4 Qd2 35. Rf1 Rf5 36. h4 Rf4 37. Qe6+ Kg7 38. Nd5 Rxh4 39. Qf6+ Kg8 40.
Qxh4 g5 41. Qc4 1-0

[Event "13. Lichtenberger Sommer"]
[Site "?"]
[Date "2014.08.19"]
[Round "4.105"]
[White "Schmole-Rostosky, Joachim"]
[Black "Kasper, Peter"]
[Result "0-1"]
[WhiteElo "1650"]
[BlackElo "1764"]
[PlyCount "90"]
[EventDate "2014.??.??"]
[WhiteTeam "SF Schwarz-Weiß Merzhausen"]
[BlackTeam "SG Eckturm"]

1. e4 c6 2. d3 Qc7 3. Nf3 d5 4. Nbd2 Bg4 5. e5 e6 6. d4 Nd7 7. h3 Bh5 8. g4 Bg6
9. Bg2 h6 10. O-O Ne7 11. Re1 Bh7 12. c3 g5 13. Nf1 Ng6 14. Ng3 Be7 15. Nh5
O-O-O 16. Be3 Ngf8 17. b4 Nb6 18. a4 Nc4 19. Qc1 Bg6 20. Ng3 a6 21. Bf1 Nd7 22.
Bxc4 dxc4 23. b5 a5 24. Qb2 Nb6 25. Nd2 Bd3 26. Nge4 Nd5 27. Qa2 h5 28. f3 hxg4
29. Nxc4 Bxc4 30. Qxc4 Rxh3 31. bxc6 Qxc6 32. Nd6+ Bxd6 33. Qxc6+ bxc6 34. exd6
Nxe3 35. Rxe3 gxf3 36. Kf2 Kd7 37. Rxf3 Rxf3+ 38. Kxf3 Kxd6 39. c4 f5 40. Rh1
Rb8 41. c5+ Kd5 42. Re1 Rb4 43. Re5+ Kxd4 44. Rxe6 Rxa4 45. Rxc6 Rc4 0-1

[Event "13. Lichtenberger Sommer"]
[Site "?"]
[Date "2014.08.19"]
[Round "4.106"]
[White "Bolle, Dietrich"]
[Black "Lippianowski, Stefan"]
[Result "1-0"]
[WhiteElo "1655"]
[BlackElo "1220"]
[PlyCount "83"]
[EventDate "2014.??.??"]
[WhiteTeam "SG Eckturm"]
[BlackTeam "SV Mattnetz Berlin e.V."]

1. d4 d6 2. c4 e5 3. Nc3 exd4 4. Qxd4 Nc6 5. Qd1 Nf6 6. Nf3 Bf5 7. a3 d5 8.
cxd5 Ne7 9. e4 Bxe4 10. Qa4+ c6 11. Nxe4 Nexd5 12. Be2 Qe7 13. Nxf6+ Nxf6 14.
Be3 Nd5 15. Qb3 a5 16. O-O a4 17. Qd3 Rd8 18. Rad1 Nc7 19. Qc2 Nd5 20. Bd2 Qc7
21. Bc4 Nf6 22. Bg5 Be7 23. Qxa4 h6 24. Bh4 b5 25. Bxb5 O-O 26. Bxc6 Rxd1 27.
Rxd1 Bc5 28. Bxf6 gxf6 29. b4 Ba7 30. b5 Qb6 31. Rf1 Rd8 32. Qg4+ Kf8 33. Qf4
Kg7 34. Qf5 Qa5 35. Be4 Rh8 36. Rc1 Qxa3 37. Qg4+ Kf8 38. Rc8+ Ke7 39. Rc7+ Ke8
40. Qd7+ Kf8 41. Rc8+ Kg7 42. Qg4# 1-0

[Event "13. Lichtenberger Sommer"]
[Site "?"]
[Date "2014.08.19"]
[Round "4.107"]
[White "Walther, Lothar"]
[Black "Schweitzer, Paul"]
[Result "0-1"]
[WhiteElo "1530"]
[BlackElo "1712"]
[PlyCount "118"]
[EventDate "2014.??.??"]
[WhiteTeam "SV Turbine Berlin e.V."]
[BlackTeam "SV Königsjäger Süd-West e.V."]

1. Nf3 e6 2. g3 Nf6 3. Bg2 d6 4. b3 Be7 5. Bb2 d5 6. O-O c5 7. d3 Nc6 8. Nbd2
O-O 9. Re1 Rb8 10. c4 d4 11. Qc2 e5 12. e3 Bf5 13. e4 Bg4 14. h3 Bd7 15. Nf1
Qc8 16. Kh2 Bd6 17. a3 b5 18. Qd2 bxc4 19. bxc4 Qc7 20. Rab1 h6 21. Qe2 Na5 22.
N1d2 Nh7 23. Nh4 Qc8 24. Bc1 Rxb1 25. Nxb1 Nc6 26. Bf3 g5 27. Ng2 Bxh3 28. g4
Bxg2 29. Kxg2 Ne7 30. Rh1 Kg7 31. Rh2 Ng6 32. Qf1 Nf6 33. Kg3 Nf4 34. Be2 a5
35. f3 a4 36. Bxf4 exf4+ 37. Kf2 Qb7 38. Qh3 Rh8 39. Qf1 Qb3 40. Qd1 Qb8 41.
Qxa4 Qxb1 42. Qc6 Qb8 43. e5 Bxe5 44. Qxc5 Rc8 45. Qa5 Re8 46. Rh1 Qb2 47. Re1
h5 48. Kf1 hxg4 49. fxg4 Qb7 50. Kf2 Qb2 51. Kf3 Qc3 52. Qxc3 dxc3 53. Rc1 Bd4
54. Rc2 Re3+ 55. Kg2 Rg3+ 56. Kh2 Nd7 57. a4 Nc5 58. a5 Nxd3 59. a6 Bg1+ 0-1

[Event "13. Lichtenberger Sommer"]
[Site "?"]
[Date "2014.08.19"]
[Round "4.108"]
[White "Aizpurua Zufiria, Inaki"]
[Black "Lange, Johannes Friedrich"]
[Result "0-1"]
[WhiteElo "1545"]
[BlackElo "1268"]
[PlyCount "54"]
[EventDate "2014.??.??"]
[WhiteTeam "Gros Xake Taldea"]
[BlackTeam "Schachunion Berlin e.V."]

1. e4 e5 2. Nf3 Nc6 3. d4 exd4 4. Nxd4 Nf6 5. Nc3 Bb4 6. Nxc6 bxc6 7. Bd3 d5 8.
O-O Bxc3 9. bxc3 dxe4 10. Qe2 O-O 11. Bc4 Re8 12. Bb2 Bg4 13. Qe1 Qd6 14. Be2
e3 15. f3 Bf5 16. Rd1 Qc5 17. Rc1 Rad8 18. Kh1 Rd2 19. c4 Nd7 20. Qg3 Bg6 21.
Rfe1 Qd6 22. f4 f6 23. h4 Kh8 24. h5 Bxc2 25. Rxc2 Rxc2 26. Rd1 Qe7 27. Rd3
Rxe2 0-1

[Event "13. Lichtenberger Sommer"]
[Site "?"]
[Date "2014.08.19"]
[Round "4.109"]
[White "Wicklein, Christian"]
[Black "Pilgrim, Wilfried"]
[Result "1/2-1/2"]
[WhiteElo "1413"]
[BlackElo "1459"]
[PlyCount "130"]
[EventDate "2014.??.??"]
[WhiteTeam "vereinslos"]
[BlackTeam "SC Kreuzberg e.V."]

1. Nf3 Nf6 2. c4 c5 3. Nc3 e6 4. e4 d5 5. exd5 exd5 6. d4 Be7 7. Bf4 a6 8. a4
Nc6 9. dxc5 d4 10. Na2 Bxc5 11. Be2 Qa5+ 12. Bd2 Nb4 13. Qb3 d3 14. Bd1 Bxf2+
15. Kf1 Bc5 16. Bxb4 Bxb4 17. Qxb4 Qd8 18. Qe1+ Be6 19. Ng5 O-O 20. Nxe6 fxe6
21. Qxe6+ Kh8 22. Bf3 d2 23. Nc3 Re8 24. Qf5 Qd4 25. Rd1 Re5 26. Rxd2 Qe3 27.
Re2 Qc1+ 28. Kf2 Rxe2+ 29. Nxe2 Qxh1 30. Bxb7 Rf8 31. Bf3 Qxh2 32. Ke1 Qh4+ 33.
Kd1 Qxc4 34. Nc3 Qf1+ 35. Kc2 Qf2+ 36. Kb1 Rb8 37. Qc2 Qb6 38. Ka2 Qe6+ 39. Ka3
Rc8 40. Qd3 Qe7+ 41. Ka2 Rd8 42. Qxa6 Nd7 43. Qb7 Qe5 44. Qb5 g6 45. a5 Nc5 46.
a6 Rb8 47. Qa5 Rxb2+ 48. Ka3 Rb3+ 49. Ka2 Rb2+ 50. Ka3 Qg5 51. Bd5 Nd3 52. Qc7
Rc2 53. Qc8+ Kg7 54. Qd7+ Kh6 55. Qh3+ Kg7 56. Qxd3 Qc1+ 57. Kb4 Qb2+ 58. Kc4
Qa2+ 59. Kb5 Rb2+ 60. Kc6 Qa5 61. Qd4+ Kh6 62. Qf4+ Kg7 63. Qc7+ Qxc7+ 64. Kxc7
Rc2 65. a7 Rxc3+ 1/2-1/2

[Event "13. Lichtenberger Sommer"]
[Site "?"]
[Date "2014.08.19"]
[Round "4.110"]
[White "Dittrich, Hans-Jürgen"]
[Black "Toth, Hans-Jürgen"]
[Result "0-1"]
[WhiteElo "1166"]
[BlackElo "1631"]
[PlyCount "94"]
[EventDate "2014.??.??"]
[WhiteTeam "vereinslos"]
[BlackTeam "Schachfreunde Zehdenick 76 e.V."]

1. c4 f5 2. g3 Nf6 3. Bg2 e6 4. Nc3 Bb4 5. a3 Bxc3 6. bxc3 O-O 7. e3 c6 8. Ne2
d5 9. cxd5 exd5 10. d4 Nbd7 11. O-O Nb6 12. h3 Nc4 13. Qc2 Qd6 14. f4 Ne4 15.
Kh2 Bd7 16. Ng1 Rae8 17. Nf3 Re7 18. Ne5 Nxe5 19. dxe5 Qg6 20. Bxe4 fxe4 21. a4
Qh6 22. Qg2 Bg4 23. Ba3 Bf3 24. Rxf3 exf3 25. Qxf3 Qe6 26. Bxe7 Qxe7 27. e4
Qxe5 28. exd5 Qxd5 29. Qxd5+ cxd5 30. Rb1 Rf7 31. Rb5 Rd7 32. a5 Kf7 33. g4 Ke6
34. Kg3 Kd6 35. g5 Kc6 36. Rb4 Kc5 37. h4 d4 38. Rxd4 Rxd4 39. cxd4+ Kxd4 40.
h5 b5 41. axb6 axb6 42. Kg4 b5 43. Kf5 b4 44. Ke6 b3 45. f5 b2 46. h6 gxh6 47.
f6 b1=Q 0-1

[Event "13. Lichtenberger Sommer"]
[Site "?"]
[Date "2014.08.19"]
[Round "4.111"]
[White "Wahner, Eberhard"]
[Black "Kammler, Hans-Joachim"]
[Result "1-0"]
[WhiteElo "1063"]
[BlackElo "1504"]
[PlyCount "57"]
[EventDate "2014.??.??"]
[WhiteTeam "vereinslos"]

1. c4 Nf6 2. Nc3 d6 3. g3 c6 4. Bg2 e5 5. e3 Be6 6. b3 Nbd7 7. Nge2 Be7 8. d4
Rc8 9. Bb2 Bg4 10. Qd2 d5 11. cxd5 cxd5 12. O-O e4 13. h3 Be6 14. Nf4 O-O 15.
a3 Nb6 16. Rac1 a6 17. f3 Bf5 18. g4 g5 19. gxf5 gxf4 20. exf4 Kh8 21. fxe4 Rg8
22. Kh2 Nh5 23. Rg1 dxe4 24. Bxe4 Bd6 25. Ne2 Rxg1 26. Rxg1 Qc7 27. d5+ f6 28.
Kh1 Re8 29. Bf3 1-0

[Event "13. Lichtenberger Sommer"]
[Site "?"]
[Date "2014.08.19"]
[Round "4.112"]
[White "Kaufmann, Mathias"]
[Black "Kossuewa, Fatima"]
[Result "1-0"]
[WhiteElo "1559"]
[BlackElo "797"]
[PlyCount "91"]
[EventDate "2014.??.??"]
[BlackTeam "SC Friesen Lichtenberg e.V."]

1. b4 Nf6 2. Bb2 Nd5 3. a3 d6 4. Nc3 Nb6 5. e4 e5 6. Nf3 Bg4 7. d3 c6 8. Be2
Bxf3 9. Bxf3 N8d7 10. Be2 d5 11. exd5 cxd5 12. O-O d4 13. Ne4 Nd5 14. Bf3 Nf4
15. g3 Ne6 16. Nd2 Rb8 17. Nc4 Ng5 18. Bg2 Be7 19. Na5 Qb6 20. f4 Ne6 21. fxe5
Nxe5 22. Qh5 Qd6 23. Nxb7 Qc7 24. Bxd4 Nxd4 25. Rae1 Bf6 26. Rf4 Nxc2 27. Rc4
g6 28. Rxc7 gxh5 29. Rxc2 O-O 30. Be4 h4 31. gxh4 Bxh4 32. Rg2+ Ng6 33. Re3
Rbc8 34. Rf3 Rc1+ 35. Rf1 Rc3 36. Bxg6 hxg6 37. Nd6 Kg7 38. Nf5+ Kf6 39. Nxh4+
Ke7 40. Re2+ Kd6 41. Rf6+ Kd7 42. Nf3 Rxa3 43. Ne5+ Kc7 44. Nxg6 Ra1+ 45. Kf2
Rb8 46. Re7+ 1-0

[Event "13. Lichtenberger Sommer"]
[Site "?"]
[Date "2014.08.19"]
[Round "4.113"]
[White "Kossuewa, Aminat"]
[Black "Stark, Steven"]
[Result "0-1"]
[WhiteElo "785"]
[BlackElo "1502"]
[PlyCount "86"]
[EventDate "2014.??.??"]
[WhiteTeam "SC Friesen Lichtenberg e.V."]
[BlackTeam "VfB Hermsdorf e.V."]

1. e4 e5 2. Bc4 Qe7 3. Nf3 Nc6 4. Nc3 Nf6 5. O-O g6 6. d3 h6 7. h3 Nh5 8. Be3
d6 9. d4 Bg7 10. dxe5 Nxe5 11. Nxe5 Bxe5 12. Nd5 Qd8 13. Rb1 c6 14. Nb4 Nf4 15.
Nd3 Qh4 16. Nxf4 Qf6 17. Nd3 g5 18. Nxe5 dxe5 19. Qd2 Bd7 20. Rbd1 O-O-O 21.
Bxa7 Bxh3 22. Qe3 Rxd1 23. Rxd1 Bg4 24. Rd2 h5 25. Qd3 h4 26. Qd6 Qxd6 27. Rxd6
Kc7 28. Rf6 Rf8 29. Bxf7 Bh5 30. Rf5 Rxf7 31. Rxf7+ Bxf7 32. Be3 g4 33. a3 Ba2
34. g3 h3 35. Kh2 Be6 36. b4 b6 37. c3 Kb7 38. a4 Ka6 39. a5 bxa5 40. Bd2 a4
41. Bc1 Kb5 42. Bb2 Kc4 43. Kg1 Kb3 0-1

[Event "13. Lichtenberger Sommer"]
[Site "?"]
[Date "2014.08.20"]
[Round "5.21"]
[White "Scheide, Helmut"]
[Black "Brümmel, Arend"]
[Result "1-0"]
[WhiteElo "1947"]
[BlackElo "2132"]
[PlyCount "37"]
[EventDate "2014.??.??"]
[WhiteTeam "USV Potsdam e.V., Abt. Schach"]
[BlackTeam "Stader SV"]

1. Nf3 Nf6 2. c4 g6 3. Nc3 c5 4. e3 Nc6 5. d4 cxd4 6. exd4 d5 7. Bg5 Ne4 8.
cxd5 Nxc3 9. bxc3 Qxd5 10. Be2 Bg7 11. O-O Na5 12. Re1 e6 13. Rb1 Bd7 14. Bd3
Bc6 15. Be4 Qd6 16. Bxc6+ bxc6 17. Qa4 Qd5 18. Rb4 O-O 19. c4 1-0

[Event "13. Lichtenberger Sommer"]
[Site "?"]
[Date "2014.08.20"]
[Round "5.22"]
[White "Nötzel, Felix"]
[Black "Schmidt, Jürgen"]
[Result "1-0"]
[WhiteElo "2113"]
[BlackElo "1992"]
[PlyCount "173"]
[EventDate "2014.??.??"]
[WhiteTeam "Sfrd. Berlin 1903 e.V."]
[BlackTeam "SC Kreuzberg e.V."]

1. e4 e5 2. Nf3 Nc6 3. d4 exd4 4. Bc4 Nf6 5. O-O Be7 6. Re1 d6 7. Nxd4 O-O 8.
Nc3 Nxd4 9. Qxd4 c6 10. a4 Qa5 11. Bf4 Rd8 12. h3 Be6 13. Bxe6 fxe6 14. e5 Nd5
15. Nxd5 Qxd5 16. Qe3 dxe5 17. Bxe5 Qc5 18. Qg3 Bf8 19. Bc3 Qf5 20. Re2 Rd7 21.
Rae1 Re8 22. Qh4 Rf7 23. b4 h6 24. Qc4 Bd6 25. Rd1 Qf4 26. Qxf4 Bxf4 27. Be5
Bxe5 28. Rxe5 Kf8 29. Re4 Rfe7 30. f4 Kf7 31. Kf2 g6 32. Kf3 e5 33. fxe5 Rxe5
34. Rxe5 Rxe5 35. Rd7+ Re7 36. Rd1 Kf6 37. a5 a6 38. Rd6+ Kf7 39. Rd1 Kf6 40.
Rd6+ Kf7 41. h4 Kg7 42. Rd4 h5 43. Re4 Rd7 44. Ke3 Kf6 45. Rd4 Re7+ 46. Kd3 Rc7
47. Kc4 Rg7 48. g4 hxg4 49. Rxg4 Rh7 50. Kc5 Kf5 51. Rd4 Ke5 52. c3 Kf5 53. Kb6
Re7 54. Rd8 Kg4 55. Rd4+ Kh5 56. Rf4 Rg7 57. Kc5 Rd7 58. Re4 Rf7 59. Re6 Rg7
60. Re4 Rf7 61. Kd6 Rg7 62. Ke6 Rc7 63. Kf6 Rd7 64. Re5+ Kh6 65. Re7 Rd3 66.
Rxb7 Rxc3 67. Ke5 Rc4 68. Kd6 Rxh4 69. Kxc6 Rf4 70. Rb6 g5 71. Kb7+ Kh5 72.
Kxa6 g4 73. Rb8 Rf6+ 74. Kb5 g3 75. Rg8 Rg6 76. Rc8 g2 77. Rc1 Rg5+ 78. Kb6
Rg6+ 79. Kb5 Rg5+ 80. Ka4 Kg4 81. Rg1 Kf3 82. a6 Rg7 83. b5 Ke3 84. Ka5 Kd4 85.
b6 Kc5 86. Rc1+ Kd6 87. b7 1-0

[Event "13. Lichtenberger Sommer"]
[Site "?"]
[Date "2014.08.20"]
[Round "5.23"]
[White "Stark, Ingo"]
[Black "Junge, Wolfgang"]
[Result "1-0"]
[WhiteElo "2134"]
[BlackElo "1848"]
[PlyCount "61"]
[EventDate "2014.??.??"]
[WhiteTeam "TSG Oberschöneweide e.V."]
[BlackTeam "SC Friesen Lichtenberg e.V."]

1. e4 e5 2. Nf3 Nf6 3. Nxe5 d6 4. Nf3 Nxe4 5. d4 d5 6. Bd3 Nc6 7. O-O Be7 8. c4
Nb4 9. Be2 O-O 10. Nc3 Be6 11. cxd5 Nxc3 12. bxc3 Nxd5 13. Bd2 c6 14. a4 h6 15.
Rb1 Qc7 16. Qc2 Nf6 17. Ne5 Bd6 18. f4 Bxe5 19. fxe5 Nd7 20. Qe4 Rfe8 21. Bd3
Nf8 22. c4 Rad8 23. Bb4 g6 24. Qf4 Kh7 25. Bd2 Kg8 26. Be3 h5 27. Qh6 Nh7 28.
Rf6 Qe7 29. Bxg6 fxg6 30. Rxg6+ Kh8 31. Bg5 1-0

[Event "13. Lichtenberger Sommer"]
[Site "?"]
[Date "2014.08.20"]
[Round "5.24"]
[White "Möller, Dustin"]
[Black "Tscheuschner, Georg"]
[Result "1-0"]
[WhiteElo "1819"]
[BlackElo "1967"]
[PlyCount "71"]
[EventDate "2014.??.??"]
[WhiteTeam "Eckernförder SC von 1921"]
[BlackTeam "SV Mattnetz Berlin e.V."]

1. d4 Nf6 2. c4 g6 3. Nc3 Bg7 4. e4 d6 5. Nf3 O-O 6. Be2 e5 7. O-O Nc6 8. d5
Ne7 9. Ne1 Nd7 10. Be3 f5 11. f3 f4 12. Bf2 g5 13. Rc1 Ng6 14. c5 Nxc5 15. b4
Na6 16. Nb5 b6 17. Qa4 Rf7 18. Nxd6 cxd6 19. Bxa6 Rc7 20. Rxc7 Qxc7 21. Nd3
Bxa6 22. Qxa6 Rc8 23. h4 gxh4 24. Rc1 Qxc1+ 25. Nxc1 Rxc1+ 26. Kh2 h3 27. Qxa7
hxg2 28. Qxb6 Bf6 29. Kxg2 Rc2 30. Kf1 Rc1+ 31. Ke2 Rc2+ 32. Kd1 Rxa2 33. Qxd6
Be7 34. Qe6+ Kg7 35. d6 Bxd6 36. Qxa2 1-0